Populations de pays les plus centralisées par une ville - Statistiques

Statistiques générales
  • Ce quiz a été pris 503 fois
  • Le résultat moyen est 19 sur 40
Statistiques - réponses
Continent Pays Part de la population
dans la ville (%)
% Correct
Amérique du Sud Guyana 28,44
71%
Amérique du Sud Suriname 35,58
70%
Amérique du Sud Uruguay 37,51
69%
Océanie Iles Marshall 65,42
68%
Océanie Palaos 78,98
68%
Océanie Tuvalu 45,76
68%
Océanie Kiribati 30,42
65%
Europe Islande 30,42
61%
Montevideo
61%
Amérique du Sud Argentine 28,71
60%
Amérique du Nord Jamaïque 33,02
60%
Amérique du Nord Bahamas 57,06
59%
Amérique du Nord Barbade 34,98
57%
Buenos Aires
56%
Europe Estonie 28,75
56%
Reykjavik
56%
Europe Lettonie 39,55
55%
Amérique du Nord Saint-Christophe-et-Niévès 27,63
55%
Riga
51%
Europe Saint-Marin 27,34
51%
Tallinn
50%
Kingston
48%
Afrique Djibouti 54,11
46%
Djibouti
46%
Georgetown
44%
Asie Géorgie 28,25
38%
Asie Liban 33,19
38%
Nassau
38%
Paramaribo
38%
Asie Arménie 36,56
37%
Beyrouth
37%
Erevan
34%
Tbilissi
33%
Funafuti
26%
Bridgetown
23%
Basseterre
22%
Tarawa
22%
Majuro
21%
Koror
9%
Serravalle
6%
Aucun quiz correspondant
Distribution des résultats
% des personnes avec chaque résultat
Percentile par nombre de réponses
Votre historique - résultats
Vous n’avez pas pris ce quiz